Kepemimpinan pemuda UMNO : antara personaliti dan situasi

Bibliographic Details
Main Author: Aminuddin Mohd.Yusof
Other Authors: Mohd Ali Kamarudin
Format: Book
Published: Bangi : Penerbit UKM , 1988
Subjects:

MARC

LEADER 00000cam a2200000 7i4500
001 0000004606
002 000004968
005 20080513.0
020 |a 967942135X 
090 0 0 |a 920   |b AMI 
100 0 |a Aminuddin Mohd.Yusof 
245 1 0 |a Kepemimpinan pemuda UMNO :   |b antara personaliti dan situasi   |c Aminuddin Mohd.Yusof dan Mohd Ali Kamarudin 
260 |a Bangi :   |b Penerbit UKM ,   |c 1988 
300 |a 170p. ;   |c 20cm. 
650 0 0 |a Pemuda UMNO   |x Biography   |a Political leaders, UMNO 
700 0 |a Mohd Ali Kamarudin 
999 |a 034706   |b BUKU   |c MALAYSIANA   |e PERPUSTAKAAN KOMUNITI PETALING JAYA 
999 |a 034707   |b BUKU   |c MALAYSIANA   |e PERPUSTAKAAN KOMUNITI PETALING JAYA